MDQL
is popping MORE tags! Check the
thread
!
Quizzes
Events
Quiz Creation
Community
Videos
Private Events
Remove Ads
Sign In
Join for FREE
Feedback
Dark Mode
Quiz Categories
Sports
Geography
Music
Movies
Television
Just For Fun
Miscellaneous
History
Literature
Language
Science
Gaming
Entertainment
Religion
Holiday
For Kids
Quiz Lab
Recent
Popular Today
Quiz Kudos Today
Editor Picks
Curator Picks
Quizzes by...
Day
Popularity
Type
Ratings
Length
Year
Community
Subscriptions
Recent Discussions
Orange Saloon
Badges
Playlists
Quests
Create
Leaderboards
Showdown
Live 5
Trivia Bingo
Activity
Puzzle Library
Sporcle Events
Private Events
Virtual Trivia
Globe League
Become a Host
Pub Owners
SporcleCon
Opinionation
Our Games
Videos
Blog
Mobile Apps
Partnerships
Remove Ads and Go Orange
Feedback
Television
TV Characters
TV Show
Sitcom
Network
Friends
Reality Shows
Cast
South Park
Star Trek
The Simpsons
Doctor Who
Television
TV Characters
TV Show
Sitcom
Network
Friends
Reality Shows
Cast
South Park
Star Trek
The Simpsons
Doctor Who
Random Quiz
Search Sporcle
×
Quiz Lab
Quiz Lab
Television
office
Type in answers that appear in a list
Type in answers that appear in a list
Classic
Best Score? Go Orange.
The Office Trivia Stats
Can you name the trivia from the office?
By
holey101
10m
60 Questions
637 Plays
637 Plays
637 Plays
Comments
Comments
Give Quiz Kudos
Give Quiz Kudos
-
- Ratings
hide this ad
Forced Order
Answers have to be entered in order
Answers have to be entered in order
Replay
Link that replays current quiz
Next Quiz
Link to next quiz in quiz playlist
You Got
0%
They Got
Avg Score
53%
Avg Friend Score
Upgrade to see
Score Distribution
Jump to the score distribution portion of the page
Score
0/60
Timer
10:00
0
Plays Today
Question
% Correct
The top five ranking members of the office
Michael Scott
97.3%
The top five ranking members of the office
Jim Halpert
96.9%
The top five ranking members of the office
Dwight Schrute
96.2%
Jim's Girlfriends
Pam Beesly
89%
Different Recoptionists
Pam Beesly
88.8%
Michael's Girlfriends
Jan Levinson
86.9%
The top five ranking members of the office
Andy Bernard
86.3%
The people that have been bleeped on the office
Michael Scott
82%
The owners of these cars
Michael Scott
81.3%
Known Managers of Dunder MIfflin Branches
Michael Scott
79.2%
Jim's Girlfriends
Karen Fillipell
79.1%
The starting office basketball lineup
Michael Scott
78.4%
The starting office basketball lineup
Jim Halpert
78%
The starting office basketball lineup
Stanley Hudson
78%
Different Recoptionists
Erin Hannon
77.5%
Dinner Party Attendees
Michael Scott
74.2%
The top five ranking members of the office
Stanley Hudson
69.8%
The owners of these cars
Andy Bernard
69.1%
These characters middle names
Kurt
68.2%
The starting office basketball lineup
Dwight Schrute
68%
Michael's Girlfriends
Carol Stills
66.8%
Stamford Transfers
Andy Bernard
64.7%
The starting office basketball lineup
Ryan Howard
64.4%
Dinner Party Attendees
Jim Halpert
64.1%
Stamford Transfers
Karen Fillipelli
63.5%
Known Managers of Dunder MIfflin Branches
Jim Halpert
61.9%
The owners of these cars
Pam Beesly
61.7%
The owners of these cars
Jim Halpert
60.5%
These characters middle names
Gary
59.7%
Known Managers of Dunder MIfflin Branches
Karen Fillipelli
59.7%
Question
% Correct
Dinner Party Attendees
Andy Bernard
58.7%
Dinner Party Attendees
Pam Beesly
57.6%
The owners of these cars
Jan Levinson
56.4%
The Three Office Amigos!
Michael Scott
50.4%
Jim's Girlfriends
Katie
48.2%
Different Regional Supervisors
Jan Levinson
47.9%
Dinner Party Attendees
Jan Levinson
47.1%
Known Managers of Dunder MIfflin Branches
Josh Porter
45.2%
The people that have been bleeped on the office
Pam Beesly
41.6%
The people that have been bleeped on the office
Jim Halpert
39.8%
Different Regional Supervisors
Ryan Howard
39.7%
Stamford Transfers
Jim Halpert
38.4%
The people that have been bleeped on the office
Andy Bernard
38.3%
Stamford Transfers
Tony Gardener
33.7%
The people that have been bleeped on the office
Phyllis Vance
32%
The Three Office Amigos!
Ryan Howard
32%
Different Regional Supervisors
Charles Miner
31.7%
The Three Office Amigos!
Dwight Schrute
31.2%
Known Managers of Dunder MIfflin Branches
Ed Truck
30.1%
Dinner Party Attendees
Angela Martin
28.7%
Holly Flax
26%
Stamford Transfers
Martin Nash
24.7%
These characters middle names
Bailey
22.8%
Stamford Transfers
Hannah
17%
These characters middle names
Noelle
16.7%
Different Recoptionists
Rolando
11.3%
Different Recoptionists
Roni
10.1%
Different Recoptionists
Grace
3.8%
Known Managers of Dunder MIfflin Branches
Craig
3%
Known Managers of Dunder MIfflin Branches
Dan
3%
Quiz Playlist
Details
Report
Send in Message
Add To Playlist
Classic:
Type in answers that appear in a list
Forced Order:
Answers have to be entered in order
Last Updated: Feb 16, 2017
Quiz Scoreboard
CHALLENGE
Sign Up to Join the Scoreboard
Show All
Scores
Hide
Comments
May contain spoilers
Recently Published
Holiday 10x10 Sorting Gallery
by lukepisani3
Holiday
15m
Two Season TV Shows II
by 123Four
Television
10m
Image Sorting: Flags VI
by Barbecue
Geography
2m
More to Explore
Quiz From the Vault
Featured Blog Post
14 Easter Pick-up Lines to Find Eggs With
hide this ad
You Might Also Like...
Tags
office
Today's Top Quizzes in Television
Browse Television
hide this ad
Today's Top Quizzes in office
Browse office
Top Contributed Quizzes in Television
1
Survivor Journey Challenge
2
Even More Two Season TV Shows
3
Adjectives in 00s TV Shows
4
Brooklyn Nine Nine Logic Puzzle (How-To-Play)
5
Adjectives in 10s TV Shows
6
Click the SpongeBob Episodes (Season 3)
7
Even More Three Season TV Shows
8
Survivor Logic Puzzle: Heroes vs. Villains
9
Total Drama Characters
10
Survivor Heroes vs. Villains Logic Puzzle
Explore More
Trending Topics
Disney
Harry Potter
NBA
Anime
Kpop
Crossword
Marvel
The Office
Soccer
Country
Song
Puzzle
Pokémon
WWE
NFL
hide this ad
More By:
holey101
Quiz
Plays
Rating
Category
Featured
Created
Geographical Fivesomes
8,255
1.89
Geography
Mar 24, 2010
CHERUB T-shirts
1,578
3.60
Literature
Mar 2, 2010
The Office Employees Season 6
1,200
2.14
Television
Dec 12, 2009
Greek Mythology Math
980
2.80
Miscellaneous
Mar 22, 2010
2009 Yankees World Series Starting Line Up
722
3.00
Sports
Dec 5, 2009
Go to Creator's Profile
Score Distribution
Quiz Creator Spotlight
holey101
Follow
Send a Message
Quizzes Created
-
Created Quiz Play Count
-
More By This Creator
Popular Quizzes Today
1
Find the US States - No Outlines Minefield
2
Colored Red Africa Blitz
3
Find the 'City' Movie
4
The Countries of the World
5
5x2 Blitz: Bands
6
Find the Countries of Europe - No Outlines Minefield
7
Find the US States
8
US States
More Television Quizzes
Fade Out Blitz: The Simpsons
Curator's Pick
Trending Quizzes
Colored Red Europe Blitz I
Colored Red Africa Blitz II
Colored Red Europe Blitz II
Even More Two Season TV Shows
Colored Red Africa Blitz III
Recently Updated
Odd Team Out - Big 4 Players
pecheneg
Quick Pick: 20 Twenties
pecheneg
March Madness Men's Triple Doubles
pecheneg
How Do You Spell That?
pecheneg
Godzilla Movies
pecheneg
Grab Bag: 4-10 Letters
pecheneg
2024 March Madness Bracket
pecheneg
Famous TV Couples
Peacemaker
Champions League XIs: Real Madrid
pecheneg
Largest US Cities 1790-2010
pecheneg
Trending Topics
NBA
Crossword
Kpop
Marvel
Harry Potter
Anime
Disney
Song
Puzzle
Pokémon
NFL
The Office
Country
Soccer
WWE
Your Account Isn't Verified!
In order to create a playlist on Sporcle, you need to verify the email address you used during registration. Go to your
Sporcle Settings
to finish the process.
Report this User
Report this user for behavior that violates our
Community Guidelines
.
Details:
Send Report
Go to the Sporcle.com Mobile Site →
Comments